[Event "Russian Blitz Team Championship (w)"]
[Site "Sochi"]
[Date "2022.10.17"]
[Round "1.1"]
[White "Shuvalova, Polina"]
[Black "Styazhkina, Anna"]
[Result "1-0"]
[BlackElo "2121"]
[WhiteElo "2392"]
[LiveChessVersion "1.4.8"]

1. d4 {[%clk 0:03:03]} d5 {[%clk 0:03:03]} 2. Nf3 {[%clk 0:03:04]} Nf6
{[%clk 0:03:03]} 3. Bf4 {[%clk 0:03:05]} c5 {[%clk 0:02:53]} 4. e3
{[%clk 0:03:05]} Nc6 {[%clk 0:02:54]} 5. Nbd2 {[%clk 0:03:06]} Bg4
{[%clk 0:02:48]} 6. c3 {[%clk 0:02:51]} e6 {[%clk 0:02:37]} 7. h3
{[%clk 0:02:50]} Bh5 {[%clk 0:02:29]} 8. Qb3 {[%clk 0:02:49]} Qb6
{[%clk 0:02:30]} 9. Qxb6 {[%clk 0:02:46]} axb6 {[%clk 0:02:31]} 10. Be2
{[%clk 0:02:23]} Be7 {[%clk 0:02:12]} 11. O-O {[%clk 0:02:11]} O-O
{[%clk 0:02:05]} 12. g4 {[%clk 0:02:04]} Bg6 {[%clk 0:02:06]} 13. Nh4
{[%clk 0:02:04]} Nd7 {[%clk 0:01:36]} 14. Nxg6 {[%clk 0:02:03]} hxg6
{[%clk 0:01:37]} 15. Bg3 {[%clk 0:02:01]} c4 {[%clk 0:01:14]} 16. a3
{[%clk 0:02:01]} b5 {[%clk 0:01:13]} 17. Nf3 {[%clk 0:01:48]} Nb6
{[%clk 0:01:07]} 18. Rad1 {[%clk 0:01:47]} Rfe8 {[%clk 0:00:54]} 19. Rfe1
{[%clk 0:01:48]} Na4 {[%clk 0:00:53]} 20. Rd2 {[%clk 0:01:48]} Red8
{[%clk 0:00:50]} 21. Bf1 {[%clk 0:01:47]} Bd6 {[%clk 0:00:50]} 22. Bh4
{[%clk 0:01:41]} f6 {[%clk 0:00:42]} 23. g5 {[%clk 0:01:35]} Kf7 {[%clk 0:00:39]}
24. Bg2 {[%clk 0:01:19]} Rh8 {[%clk 0:00:30]} 25. e4 {[%clk 0:01:12]} Rae8
{[%clk 0:00:12]} 26. Bg3 {[%clk 0:01:06]} Bxg3 {[%clk 0:00:09]} 27. fxg3
{[%clk 0:01:06]} Na5 {[%clk 0:00:08]} 28. h4 {[%clk 0:00:56]} Nb3
{[%clk 0:00:07]} 29. Rf2 {[%clk 0:00:57]} Ke7 {[%clk 0:00:05]} 30. exd5
{[%clk 0:00:57]} Kd7 {[%clk 0:00:05]} 31. Bh3 {[%clk 0:00:53]} f5
{[%clk 0:00:04]} 32. Ne5+ {[%clk 0:00:51]} Kd6 {[%clk 0:00:05]} 33. Nf7+
{[%clk 0:00:37]} Kd7 {[%clk 0:00:05]} 34. dxe6+ {[%clk 0:00:35]} Ke7
{[%clk 0:00:06]} 35. Nxh8 {[%clk 0:00:35]} Rxh8 {[%clk 0:00:07]} 36. Re5
{[%clk 0:00:34]} Rd8 {[%clk 0:00:05]} 37. Rxb5 {[%clk 0:00:32]} Kxe6
{[%clk 0:00:05]} 38. Re2+ {[%clk 0:00:30]} Kf7 {[%clk 0:00:05]} 39. Rxb7+
{[%clk 0:00:31]} Kg8 {[%clk 0:00:07]} 40. Rb4 {[%clk 0:00:31]} Nc1
{[%clk 0:00:06]} 41. Rc2 {[%clk 0:00:28]} 1-0

[Event "Russian Blitz Team Championship (w)"]
[Site "Sochi"]
[Date "2022.10.17"]
[Round "1.2"]
[White "Karmanova, Olga Dm."]
[Black "Badelka, Olga"]
[Result "0-1"]
[BlackElo "2316"]
[WhiteElo "2096"]
[LiveChessVersion "1.4.8"]

1. d4 {[%clk 0:03:02]} Nf6 {[%clk 0:03:04]} 2. c4 {[%clk 0:03:03]} e6
{[%clk 0:03:05]} 3. g3 {[%clk 0:03:04]} d5 {[%clk 0:03:06]} 4. Bg2
{[%clk 0:03:05]} Be7 {[%clk 0:03:06]} 5. Nf3 {[%clk 0:03:06]} O-O
{[%clk 0:03:06]} 6. O-O {[%clk 0:03:06]} c6 {[%clk 0:03:06]} 7. Qc2
{[%clk 0:03:07]} b6 {[%clk 0:03:06]} 8. Rd1 {[%clk 0:03:08]} Ba6 {[%clk 0:03:00]}
9. b3 {[%clk 0:03:08]} Nbd7 {[%clk 0:02:58]} 10. Nc3 {[%clk 0:02:29]} Rc8
{[%clk 0:02:47]} 11. e4 {[%clk 0:02:29]} dxc4 {[%clk 0:02:48]} 12. Bf4
{[%clk 0:02:11]} h6 {[%clk 0:02:08]} 13. Nd2 {[%clk 0:02:11]} b5 {[%clk 0:01:56]}
14. bxc4 {[%clk 0:02:10]} bxc4 {[%clk 0:01:41]} 15. Na4 {[%clk 0:02:11]} Bb5
{[%clk 0:01:26]} 16. Nxc4 {[%clk 0:02:04]} Nb6 {[%clk 0:01:27]} 17. Naxb6
{[%clk 0:01:37]} axb6 {[%clk 0:01:28]} 18. a4 {[%clk 0:01:36]} Ba6
{[%clk 0:01:08]} 19. a5 {[%clk 0:01:33]} Bxc4 {[%clk 0:01:04]} 20. Qxc4
{[%clk 0:01:34]} bxa5 {[%clk 0:01:05]} 21. Qa6 {[%clk 0:01:27]} Bb4
{[%clk 0:01:04]} 22. Bd2 {[%clk 0:00:52]} Qd7 {[%clk 0:00:51]} 23. Qc4
{[%clk 0:00:34]} Rb8 {[%clk 0:00:37]} 24. Bf4 {[%clk 0:00:34]} Ra8
{[%clk 0:00:32]} 25. h3 Rfd8 {[%clk 0:00:33]} 26. Be5 {[%clk 0:00:19]} Be7
{[%clk 0:00:16]} 27. Rac1 {[%clk 0:00:16]} Rdc8 {[%clk 0:00:15]} 28. Qa2
{[%clk 0:00:13]} a4 {[%clk 0:00:15]} 29. Rb1 {[%clk 0:00:07]} a3 {[%clk 0:00:16]}
30. Bxf6 {[%clk 0:00:07]} Bxf6 {[%clk 0:00:17]} 31. d5 {[%clk 0:00:08]} cxd5
{[%clk 0:00:16]} 32. exd5 {[%clk 0:00:09]} Ra7 {[%clk 0:00:07]} 33. dxe6
{[%clk 0:00:09]} Qxe6 {[%clk 0:00:09]} 34. Bd5 {[%clk 0:00:10]} Qe7
{[%clk 0:00:10]} 35. Re1 {[%clk 0:00:07]} Qc7 {[%clk 0:00:08]} 36. Rbd1
{[%clk 0:00:06]} Bb2 {[%clk 0:00:09]} 37. Kg2 {[%clk 0:00:05]} Rf8
{[%clk 0:00:06]} 38. Re4 {[%clk 0:00:05]} Qc5 {[%clk 0:00:06]} 39. Rf4
{[%clk 0:00:06]} Bf6 {[%clk 0:00:04]} 40. Rf3 {[%clk 0:00:06]} Qb4
{[%clk 0:00:04]} 41. Rfd3 {[%clk 0:00:06]} Qb2 {[%clk 0:00:05]} 42. R3d2
{[%clk 0:00:06]} Qxa2 {[%clk 0:00:07]} 43. Rxa2 {[%clk 0:00:07]} Bb2
{[%clk 0:00:08]} 44. Rd3 {[%clk 0:00:06]} Rc8 {[%clk 0:00:05]} 45. Kf3
{[%clk 0:00:06]} Kf8 {[%clk 0:00:07]} 46. Ke4 {[%clk 0:00:07]} Rc1
{[%clk 0:00:08]} 47. Kf3 {[%clk 0:00:08]} Rd7 {[%clk 0:00:06]} 48. Be4
{[%clk 0:00:06]} Rxd3+ 49. Bxd3 {[%clk 0:00:07]} Ke7 {[%clk 0:00:08]} 50. Be4
{[%clk 0:00:07]} Kd6 {[%clk 0:00:09]} 51. Bd3 {[%clk 0:00:07]} Kc5
{[%clk 0:00:11]} 52. Be4 {[%clk 0:00:06]} Kb4 {[%clk 0:00:12]} 53. Bd5
{[%clk 0:00:06]} f6 {[%clk 0:00:13]} 54. Kg4 {[%clk 0:00:07]} Rc2
{[%clk 0:00:09]} 55. f3 {[%clk 0:00:07]} Rc5 {[%clk 0:00:09]} 56. Be6
{[%clk 0:00:07]} Kc3 {[%clk 0:00:10]} 57. f4 {[%clk 0:00:06]} Kc2
{[%clk 0:00:09]} 58. Kf3 {[%clk 0:00:05]} Kb1 {[%clk 0:00:10]} 59. Kg4
{[%clk 0:00:05]} h5+ {[%clk 0:00:07]} 60. Kf3 {[%clk 0:00:06]} Rc3+
{[%clk 0:00:08]} 61. Kf2 {[%clk 0:00:07]} Rd3 {[%clk 0:00:07]} 62. Kg2
{[%clk 0:00:06]} Rd2+ {[%clk 0:00:08]} 63. Kf3 {[%clk 0:00:07]} Rd6
{[%clk 0:00:08]} 64. Bf7 {[%clk 0:00:07]} Rd7 {[%clk 0:00:05]} 65. Be6
{[%clk 0:00:08]} Rd3+ {[%clk 0:00:07]} 66. Kg2 {[%clk 0:00:09]} Rc3
{[%clk 0:00:07]} 67. Kf2 {[%clk 0:00:09]} Rc1 {[%clk 0:00:07]} 68. Bf7
{[%clk 0:00:09]} Bd4+ {[%clk 0:00:08]} 69. Kf3 {[%clk 0:00:09]} Bb2
{[%clk 0:00:08]} 70. Kg2 {[%clk 0:00:10]} Re1 {[%clk 0:00:09]} 71. Kf2
{[%clk 0:00:11]} Re7 {[%clk 0:00:10]} 72. Bg8 {[%clk 0:00:12]} h4
{[%clk 0:00:11]} 73. gxh4 Re4 {[%clk 0:00:12]} 74. Kf3 {[%clk 0:00:09]} Rb4
{[%clk 0:00:11]} 75. Bf7 {[%clk 0:00:10]} Rb7 {[%clk 0:00:09]} 76. Be6
{[%clk 0:00:10]} Rb6 {[%clk 0:00:09]} 77. Bf7 {[%clk 0:00:10]} Ra6
{[%clk 0:00:09]} 78. Bg8 {[%clk 0:00:09]} Ra4 {[%clk 0:00:10]} 79. Bf7
{[%clk 0:00:08]} Bc1 {[%clk 0:00:11]} 80. f5 {[%clk 0:00:05]} Rb4
{[%clk 0:01:03]} 81. Kg2 {[%clk 0:00:06]} Bb2 {[%clk 0:01:04]} 82. Kg3
{[%clk 0:00:04]} Re4 {[%clk 0:00:49]} 83. Kg4 {[%clk 0:00:05]} Re3
{[%clk 0:00:47]} 0-1

[Event "Russian Blitz Team Championship (w)"]
[Site "Sochi"]
[Date "2022.10.17"]
[Round "1.3"]
[White "Charochkina, Daria"]
[Black "Nazarova, Anastasia"]
[Result "1-0"]
[BlackElo "2089"]
[WhiteElo "2282"]
[LiveChessVersion "1.4.8"]

1. d4 {[%clk 0:03:02]} d5 {[%clk 0:03:03]} 2. c4 {[%clk 0:03:03]} e6
{[%clk 0:03:05]} 3. Nc3 c6 4. a4 {[%clk 0:03:00]} dxc4 {[%clk 0:03:06]} 5. e4
{[%clk 0:03:00]} Bb4 {[%clk 0:02:48]} 6. Bxc4 {[%clk 0:02:58]} h6
{[%clk 0:02:45]} 7. Nf3 {[%clk 0:02:55]} Nf6 {[%clk 0:02:46]} 8. O-O
{[%clk 0:02:55]} Bxc3 {[%clk 0:02:31]} 9. bxc3 {[%clk 0:02:56]} Nxe4
{[%clk 0:02:30]} 10. Ba3 {[%clk 0:02:57]} Nd6 {[%clk 0:02:26]} 11. Bd3
{[%clk 0:02:55]} O-O {[%clk 0:02:14]} 12. Ne5 {[%clk 0:02:56]} Re8
{[%clk 0:02:14]} 13. Qh5 {[%clk 0:02:50]} Re7 {[%clk 0:01:51]} 14. Nc4
{[%clk 0:02:44]} Nxc4 {[%clk 0:01:42]} 15. Bxe7 {[%clk 0:02:44]} Qxe7
{[%clk 0:01:43]} 16. Bxc4 {[%clk 0:02:45]} b6 {[%clk 0:01:41]} 17. Rfe1
{[%clk 0:02:36]} Bb7 {[%clk 0:01:37]} 18. Re3 {[%clk 0:02:31]} Nd7
{[%clk 0:01:26]} 19. Rg3 {[%clk 0:02:31]} Kf8 {[%clk 0:01:17]} 20. Qg4
{[%clk 0:02:25]} g6 {[%clk 0:01:06]} 21. Qf4 {[%clk 0:02:25]} g5 {[%clk 0:00:30]}
22. Qe3 {[%clk 0:02:14]} Nf6 {[%clk 0:00:07]} 23. h4 {[%clk 0:02:14]} Nh7
{[%clk 0:00:05]} 24. hxg5 {[%clk 0:02:10]} hxg5 {[%clk 0:00:05]} 25. Rh3
{[%clk 0:02:02]} Kg7 {[%clk 0:00:07]} 26. Bd3 {[%clk 0:02:03]} Rh8
{[%clk 0:00:08]} 27. Rh5 {[%clk 0:01:56]} f6 {[%clk 0:00:06]} 28. Qe4
{[%clk 0:01:56]} f5 {[%clk 0:00:04]} 29. Qe5+ {[%clk 0:01:57]} Qf6
{[%clk 0:00:04]} 30. Qh2 {[%clk 0:01:44]} Qg6 {[%clk 0:00:04]} 31. Re1
{[%clk 0:01:44]} Re8 {[%clk 0:00:05]} 32. Qc7+ {[%clk 0:01:43]} Kg8
{[%clk 0:00:03]} 33. Rh3 {[%clk 0:01:11]} Qg7 {[%clk 0:00:05]} 34. Qd6
{[%clk 0:01:05]} Nf8 {[%clk 0:00:05]} 35. Bxf5 {[%clk 0:01:01]} Re7
{[%clk 0:00:05]} 36. Bb1 {[%clk 0:01:00]} Rf7 {[%clk 0:00:05]} 37. Qh2
{[%clk 0:00:58]} Qf6 {[%clk 0:00:05]} 38. Rf3 {[%clk 0:00:58]} Qg7
{[%clk 0:00:06]} 39. Rxf7 {[%clk 0:00:58]} Qxf7 {[%clk 0:00:06]} 40. Re5
{[%clk 0:00:59]} Qf6 {[%clk 0:00:06]} 41. Qg3 {[%clk 0:01:00]} Nd7
{[%clk 0:00:04]} 42. Rxg5+ Kf7 43. Rh5 {[%clk 0:01:00]} Ke7 {[%clk 0:00:07]} 44.
Rh7+ {[%clk 0:01:01]} Kd8 {[%clk 0:00:08]} 45. Qd6 {[%clk 0:01:02]} Bc8
{[%clk 0:00:05]} 46. Bg6 {[%clk 0:00:49]} c5 {[%clk 0:00:06]} 47. Rf7
{[%clk 0:00:49]} Qh8 {[%clk 0:00:04]} 48. Qe7+ {[%clk 0:00:47]} Kc7
{[%clk 0:00:05]} 49. Qxe6 {[%clk 0:00:46]} Qh6 {[%clk 0:00:03]} 50. f4
{[%clk 0:00:43]} Qh4 {[%clk 0:00:05]} 51. Bf5 {[%clk 0:00:40]} Qg3
{[%clk 0:00:04]} 52. Rxd7+ {[%clk 0:00:40]} Bxd7 {[%clk 0:00:03]} 53. Qxd7+
{[%clk 0:00:41]} 1-0

[Event "Russian Blitz Team Championship (w)"]
[Site "Sochi"]
[Date "2022.10.17"]
[Round "1.4"]
[White "Reger, Valeriia"]
[Black "Solozhenkina, Elizaveta"]
[Result "1/2-1/2"]
[BlackElo "2218"]
[WhiteElo "1939"]
[LiveChessVersion "1.4.8"]

1. d4 {[%clk 0:03:03]} Nf6 {[%clk 0:03:04]} 2. Nf3 {[%clk 0:03:04]} e6
{[%clk 0:03:01]} 3. Bf4 {[%clk 0:03:04]} d5 {[%clk 0:03:01]} 4. e3
{[%clk 0:03:05]} Bd6 {[%clk 0:03:02]} 5. Bg3 {[%clk 0:03:07]} O-O
{[%clk 0:03:02]} 6. Nbd2 {[%clk 0:03:07]} c5 {[%clk 0:03:03]} 7. c3
{[%clk 0:03:09]} Nc6 {[%clk 0:03:04]} 8. Bd3 {[%clk 0:03:10]} b6 {[%clk 0:02:58]}
9. e4 {[%clk 0:03:01]} Bxg3 {[%clk 0:02:18]} 10. hxg3 {[%clk 0:02:59]} h6
{[%clk 0:01:54]} 11. e5 {[%clk 0:03:00]} Nh7 {[%clk 0:01:40]} 12. Qc2
{[%clk 0:02:55]} Ng5 {[%clk 0:01:38]} 13. Rh5 {[%clk 0:02:38]} Nxf3+
{[%clk 0:01:28]} 14. Nxf3 {[%clk 0:02:39]} cxd4 {[%clk 0:01:26]} 15. Bb5
{[%clk 0:01:53]} Bd7 {[%clk 0:00:49]} 16. Bxc6 {[%clk 0:01:42]} Bxc6 17. Nxd4 Bd7
{[%clk 0:00:45]} 18. O-O-O {[%clk 0:01:42]} f5 {[%clk 0:00:25]} 19. Rdh1
{[%clk 0:01:17]} Rf7 {[%clk 0:00:20]} 20. Qd2 {[%clk 0:01:14]} Qf8
{[%clk 0:00:21]} 21. Nf3 {[%clk 0:00:56]} Be8 {[%clk 0:00:23]} 22. R5h4
{[%clk 0:00:54]} Rc7 {[%clk 0:00:17]} 23. Nd4 {[%clk 0:00:45]} Re7
{[%clk 0:00:11]} 24. g4 {[%clk 0:00:46]} fxg4 {[%clk 0:00:05]} 25. Rxg4
{[%clk 0:00:46]} Kh7 {[%clk 0:00:05]} 26. Qd3+ {[%clk 0:00:45]} Kh8
{[%clk 0:00:07]} 27. Qe3 {[%clk 0:00:39]} Kh7 {[%clk 0:00:06]} 28. Rh3
{[%clk 0:00:38]} Rc8 {[%clk 0:00:07]} 29. Kb1 {[%clk 0:00:38]} b5
{[%clk 0:00:08]} 30. Qd3+ {[%clk 0:00:34]} Kh8 {[%clk 0:00:09]} 31. Rf3
{[%clk 0:00:28]} Qg8 {[%clk 0:00:07]} 32. Nxb5 {[%clk 0:00:24]} Bxb5
{[%clk 0:00:04]} 33. Qxb5 {[%clk 0:00:26]} Rb8 {[%clk 0:00:06]} 34. Qc5
{[%clk 0:00:26]} Reb7 {[%clk 0:00:07]} 35. b3 {[%clk 0:00:26]} Rc8
{[%clk 0:00:08]} 36. Qd4 {[%clk 0:00:26]} Qd8 {[%clk 0:00:08]} 37. Qd2
{[%clk 0:00:25]} Qa5 {[%clk 0:00:08]} 38. Rh3 {[%clk 0:00:17]} Qa3
{[%clk 0:00:04]} 39. Rg6 {[%clk 0:00:14]} Rxb3+ {[%clk 0:00:04]} 40. axb3
{[%clk 0:00:15]} Qxb3+ {[%clk 0:00:05]} 41. Qb2 {[%clk 0:00:15]} Qd1+
{[%clk 0:00:06]} 42. Ka2 {[%clk 0:00:13]} Qa4+ {[%clk 0:00:06]} 43. Kb1
{[%clk 0:00:14]} Qd1+ {[%clk 0:00:06]} 44. Ka2 {[%clk 0:00:13]} Qa4+
{[%clk 0:00:05]} 45. Kb1 {[%clk 0:00:13]} Qd1+ {[%clk 0:00:06]} 1/2-1/2

[Event "Russian Blitz Team Championship (w)"]
[Site "Sochi"]
[Date "2022.10.17"]
[Round "1.5"]
[White "Lysenko, Margarita"]
[Black "Pogonina, Natalija"]
[Result "1/2-1/2"]
[BlackElo "2332"]
[WhiteElo "2150"]
[LiveChessVersion "1.4.8"]

1. d4 {[%clk 0:03:02]} Nf6 {[%clk 0:03:03]} 2. c4 {[%clk 0:03:03]} e6
{[%clk 0:03:03]} 3. Nc3 {[%clk 0:03:04]} d5 {[%clk 0:03:03]} 4. cxd5
{[%clk 0:03:04]} exd5 {[%clk 0:03:03]} 5. Bg5 {[%clk 0:03:05]} Be7
{[%clk 0:03:03]} 6. e3 {[%clk 0:03:05]} c6 {[%clk 0:02:59]} 7. Bd3
{[%clk 0:03:05]} Nbd7 {[%clk 0:02:59]} 8. Qc2 {[%clk 0:03:04]} Nh5
{[%clk 0:02:58]} 9. Bxe7 {[%clk 0:02:58]} Qxe7 {[%clk 0:02:58]} 10. O-O-O
{[%clk 0:02:56]} Nb6 {[%clk 0:02:56]} 11. Nge2 {[%clk 0:02:48]} g6
{[%clk 0:02:49]} 12. h3 {[%clk 0:02:44]} Ng7 {[%clk 0:02:46]} 13. Kb1
{[%clk 0:01:57]} Bf5 {[%clk 0:02:43]} 14. g4 {[%clk 0:01:25]} Bxd3
{[%clk 0:02:41]} 15. Qxd3 {[%clk 0:01:25]} O-O-O {[%clk 0:02:36]} 16. Rc1
{[%clk 0:01:26]} Kb8 {[%clk 0:02:33]} 17. Ka1 {[%clk 0:01:21]} h5
{[%clk 0:02:30]} 18. Nf4 {[%clk 0:00:45]} Ne6 {[%clk 0:02:26]} 19. Nxe6
{[%clk 0:00:37]} Qxe6 {[%clk 0:02:26]} 20. Qe2 {[%clk 0:00:36]} Qe7
{[%clk 0:02:04]} 21. Qf3 {[%clk 0:00:32]} Ka8 {[%clk 0:02:01]} 22. Qf4
{[%clk 0:00:19]} Nc4 {[%clk 0:01:57]} 23. b3 {[%clk 0:00:18]} Nd6
{[%clk 0:01:56]} 24. Kb2 {[%clk 0:00:15]} Rde8 {[%clk 0:01:32]} 25. Na4
{[%clk 0:00:14]} Ne4 {[%clk 0:01:26]} 26. Qf3 {[%clk 0:00:06]} f6
{[%clk 0:01:06]} 27. Rhg1 {[%clk 0:00:04]} hxg4 {[%clk 0:01:05]} 28. Rxg4
{[%clk 0:00:04]} g5 {[%clk 0:01:00]} 29. Rgg1 {[%clk 0:00:03]} Qe6
{[%clk 0:00:58]} 30. Rh1 {[%clk 0:00:03]} Rh4 {[%clk 0:00:56]} 31. Nc3
{[%clk 0:00:04]} Reh8 {[%clk 0:00:54]} 32. Nxe4 {[%clk 0:00:04]} dxe4
{[%clk 0:00:54]} 33. Qg3 {[%clk 0:00:05]} Rxh3 {[%clk 0:00:46]} 34. Rxh3
{[%clk 0:00:05]} Qxh3 {[%clk 0:00:40]} 35. Qd6 {[%clk 0:00:05]} Qf5
{[%clk 0:00:35]} 36. Rc2 {[%clk 0:00:04]} a6 {[%clk 0:00:29]} 37. Qe7
{[%clk 0:00:04]} Rh2 {[%clk 0:00:19]} 38. Ka3 {[%clk 0:00:04]} Ka7
{[%clk 0:00:15]} 39. Qd6 {[%clk 0:00:03]} Rxf2 {[%clk 0:00:12]} 40. Rxf2
{[%clk 0:00:04]} Qxf2 {[%clk 0:00:12]} 41. Qc5+ {[%clk 0:00:05]} Kb8
{[%clk 0:00:12]} 42. Qf8+ {[%clk 0:00:06]} Kc7 {[%clk 0:00:13]} 43. Qe7+
{[%clk 0:00:07]} Kc8 {[%clk 0:00:10]} 44. Qe8+ {[%clk 0:00:06]} Kc7
{[%clk 0:00:11]} 45. Qe7+ {[%clk 0:00:07]} Kb8 {[%clk 0:00:11]} 46. Qf8+
{[%clk 0:00:07]} Ka7 {[%clk 0:00:12]} 47. Qc5+ {[%clk 0:00:08]} Kb8 1/2-1/2

[Event "Russian Blitz Team Championship (w)"]
[Site "Sochi"]
[Date "2022.10.17"]
[Round "1.6"]
[White "Girya, Olga"]
[Black "Smirnova, Ekaterina"]
[Result "1-0"]
[BlackElo "2088"]
[WhiteElo "2298"]
[LiveChessVersion "1.4.8"]

1. d4 {[%clk 0:03:02]} d5 {[%clk 0:03:04]} 2. c4 {[%clk 0:03:03]} c6
{[%clk 0:03:05]} 3. Nf3 {[%clk 0:03:04]} Nf6 {[%clk 0:03:06]} 4. Qb3
{[%clk 0:03:05]} dxc4 {[%clk 0:03:01]} 5. Qxc4 {[%clk 0:03:06]} Bf5
{[%clk 0:02:57]} 6. g3 {[%clk 0:03:07]} e6 {[%clk 0:02:57]} 7. Bg2
{[%clk 0:03:09]} Be7 {[%clk 0:02:55]} 8. O-O {[%clk 0:03:09]} O-O
{[%clk 0:02:55]} 9. Nbd2 {[%clk 0:03:07]} Ne4 {[%clk 0:02:22]} 10. Qb3
{[%clk 0:02:48]} Qb6 {[%clk 0:02:12]} 11. Nc4 {[%clk 0:02:36]} Qxb3
{[%clk 0:02:07]} 12. axb3 {[%clk 0:02:38]} Nd7 {[%clk 0:02:03]} 13. Bf4
{[%clk 0:02:22]} g5 {[%clk 0:01:50]} 14. Be3 {[%clk 0:02:12]} h6 {[%clk 0:01:50]}
15. Nfd2 {[%clk 0:01:30]} Nef6 {[%clk 0:01:38]} 16. f3 {[%clk 0:01:18]} Bb4
{[%clk 0:01:32]} 17. Rfd1 {[%clk 0:01:00]} Bc2 {[%clk 0:01:25]} 18. Rdc1
{[%clk 0:01:00]} Bg6 {[%clk 0:01:26]} 19. Nf1 {[%clk 0:00:53]} Rfd8
{[%clk 0:01:17]} 20. Bf2 {[%clk 0:00:49]} g4 {[%clk 0:01:02]} 21. Ne5
{[%clk 0:00:13]} gxf3 {[%clk 0:00:36]} 22. exf3 {[%clk 0:00:15]} Nb6
{[%clk 0:00:16]} 23. Nxg6 {[%clk 0:00:16]} fxg6 {[%clk 0:00:17]} 24. Rd1
{[%clk 0:00:15]} Nbd5 {[%clk 0:00:15]} 25. Ne3 {[%clk 0:00:14]} Nxe3
{[%clk 0:00:15]} 26. Bxe3 {[%clk 0:00:15]} g5 {[%clk 0:00:13]} 27. f4
{[%clk 0:00:11]} g4 {[%clk 0:00:10]} 28. f5 {[%clk 0:00:11]} exf5
{[%clk 0:00:08]} 29. Bxh6 {[%clk 0:00:12]} Nd5 {[%clk 0:00:06]} 30. Rf1
{[%clk 0:00:07]} Kh7 {[%clk 0:00:07]} 31. Bg5 {[%clk 0:00:06]} Rf8
{[%clk 0:00:07]} 32. Bxd5 {[%clk 0:00:07]} cxd5 {[%clk 0:00:08]} 33. Rac1
{[%clk 0:00:06]} Kg6 {[%clk 0:00:08]} 34. Bf4 {[%clk 0:00:07]} Rac8
{[%clk 0:00:09]} 35. Kf2 {[%clk 0:00:07]} Rfe8 {[%clk 0:00:09]} 36. Be5
{[%clk 0:00:06]} a6 {[%clk 0:00:07]} 37. Ke3 {[%clk 0:00:07]} Bf8
{[%clk 0:00:07]} 38. Kd3 {[%clk 0:00:07]} Bh6 {[%clk 0:00:07]} 39. Rce1
{[%clk 0:00:07]} Rc6 {[%clk 0:00:07]} 40. Rf2 {[%clk 0:00:08]} Rec8
{[%clk 0:00:08]} 41. Ref1 {[%clk 0:00:09]} Rf8 {[%clk 0:00:09]} 42. Re2
{[%clk 0:00:09]} Rfc8 {[%clk 0:00:10]} 43. Ref2 {[%clk 0:00:10]} Rf8
{[%clk 0:00:11]} 44. Rc2 {[%clk 0:00:09]} Rxc2 {[%clk 0:00:10]} 45. Kxc2
{[%clk 0:00:10]} Rc8+ {[%clk 0:00:11]} 46. Kd3 {[%clk 0:00:11]} Bf8
{[%clk 0:00:12]} 47. Bf4 {[%clk 0:00:10]} Bb4 {[%clk 0:00:11]} 48. Rf2
{[%clk 0:00:10]} Rc6 {[%clk 0:00:11]} 49. Re2 {[%clk 0:00:12]} Kf7
{[%clk 0:00:11]} 50. Re5 {[%clk 0:00:12]} Kg6 {[%clk 0:00:12]} 51. Rxd5
{[%clk 0:00:13]} Re6 {[%clk 0:00:11]} 52. Re5 {[%clk 0:00:14]} Rc6
{[%clk 0:00:06]} 53. Re8 {[%clk 0:00:16]} Kf7 {[%clk 0:00:06]} 54. Rb8
{[%clk 0:00:16]} b5 {[%clk 0:00:05]} 55. d5 {[%clk 0:00:18]} Rc5 {[%clk 0:00:05]}
56. Rb7+ {[%clk 0:00:17]} Kg6 {[%clk 0:00:05]} 57. d6 {[%clk 0:00:18]} Rd5+
{[%clk 0:00:06]} 58. Ke2 {[%clk 0:00:18]} Rd4 {[%clk 0:00:04]} 59. d7
{[%clk 0:00:19]} Be7 {[%clk 0:00:04]} 60. Be3 {[%clk 0:00:19]} Rd5
{[%clk 0:00:04]} 61. Rb6+ {[%clk 0:00:17]} Kf7 {[%clk 0:00:05]} 62. Rb7
{[%clk 0:00:15]} Bd8 {[%clk 0:00:06]} 63. Bf4 {[%clk 0:00:13]} Ke6
{[%clk 0:00:07]} 64. Ra7 {[%clk 0:00:12]} Rxd7 {[%clk 0:00:07]} 65. Rxa6+
{[%clk 0:00:14]} Kd5 {[%clk 0:00:08]} 66. Ra7 {[%clk 0:00:13]} Ke4
{[%clk 0:00:07]} 1-0

[Event "Russian Blitz Team Championship (w)"]
[Site "Sochi"]
[Date "2022.10.17"]
[Round "1.7"]
[White "Usacheva, Glafira"]
[Black "Garifullina, Leya"]
[Result "1/2-1/2"]
[BlackElo "2267"]
[WhiteElo "1800"]
[LiveChessVersion "1.4.8"]

1. e4 {[%clk 0:03:03]} e5 {[%clk 0:03:03]} 2. Nf3 {[%clk 0:03:03]} Nc6
{[%clk 0:03:04]} 3. Bb5 {[%clk 0:03:03]} a6 {[%clk 0:03:05]} 4. Ba4
{[%clk 0:03:04]} Nf6 {[%clk 0:03:06]} 5. O-O {[%clk 0:03:03]} Nxe4
{[%clk 0:03:06]} 6. d4 {[%clk 0:03:03]} b5 {[%clk 0:03:05]} 7. Bb3
{[%clk 0:03:03]} d5 {[%clk 0:03:06]} 8. dxe5 {[%clk 0:03:03]} Be6
{[%clk 0:03:06]} 9. c3 {[%clk 0:03:00]} Be7 {[%clk 0:03:07]} 10. Nbd2
{[%clk 0:03:00]} O-O {[%clk 0:03:06]} 11. Bc2 {[%clk 0:02:54]} f5
{[%clk 0:03:07]} 12. Nb3 {[%clk 0:02:45]} Qd7 {[%clk 0:03:07]} 13. Nfd4
{[%clk 0:02:45]} Nxd4 {[%clk 0:03:06]} 14. Nxd4 {[%clk 0:02:42]} c5
{[%clk 0:03:05]} 15. Nxe6 {[%clk 0:02:41]} Qxe6 {[%clk 0:03:05]} 16. f3
{[%clk 0:02:39]} Ng5 {[%clk 0:03:05]} 17. a4 {[%clk 0:02:36]} Rad8
{[%clk 0:02:55]} 18. axb5 {[%clk 0:02:36]} axb5 {[%clk 0:02:56]} 19. Ra7
{[%clk 0:02:29]} c4 {[%clk 0:02:56]} 20. Kh1 {[%clk 0:02:09]} Nf7
{[%clk 0:02:21]} 21. f4 {[%clk 0:02:08]} Bc5 {[%clk 0:02:21]} 22. Ra2
{[%clk 0:01:38]} Nh6 {[%clk 0:02:15]} 23. Qf3 {[%clk 0:01:31]} d4
{[%clk 0:02:06]} 24. cxd4 {[%clk 0:01:29]} Bxd4 {[%clk 0:02:03]} 25. h3
{[%clk 0:01:22]} b4 {[%clk 0:01:25]} 26. Ra4 {[%clk 0:01:15]} Qb6
{[%clk 0:01:05]} 27. Rd1 {[%clk 0:00:45]} Kh8 {[%clk 0:01:00]} 28. Bd2
{[%clk 0:00:39]} b3 {[%clk 0:00:58]} 29. Bb1 {[%clk 0:00:37]} Bxb2
{[%clk 0:00:50]} 30. Rxc4 {[%clk 0:00:38]} Ba3 {[%clk 0:00:45]} 31. Rc6
{[%clk 0:00:37]} Qb5 {[%clk 0:00:42]} 32. Rc7 {[%clk 0:00:28]} Ng8
{[%clk 0:00:41]} 33. Rb7 {[%clk 0:00:19]} Qa4 {[%clk 0:00:11]} 34. Rxb3
{[%clk 0:00:18]} Be7 {[%clk 0:00:11]} 35. Bc2 {[%clk 0:00:19]} Qa2
{[%clk 0:00:09]} 36. Rc3 {[%clk 0:00:20]} Bb4 {[%clk 0:00:09]} 37. Bb1
{[%clk 0:00:07]} Qa5 {[%clk 0:00:08]} 38. Rd3 {[%clk 0:00:05]} Bxd2
{[%clk 0:00:09]} 39. Rxd8 {[%clk 0:00:05]} Rxd8 {[%clk 0:00:10]} 40. Bxf5
{[%clk 0:00:05]} g6 {[%clk 0:00:10]} 41. Be6 {[%clk 0:00:05]} Bb4
{[%clk 0:00:10]} 42. Rc1 {[%clk 0:00:04]} Ne7 {[%clk 0:00:10]} 43. Qe4
{[%clk 0:00:04]} Qa3 {[%clk 0:00:09]} 44. Rf1 {[%clk 0:00:04]} Qd3
{[%clk 0:00:09]} 45. Qxd3 {[%clk 0:00:04]} Rxd3 {[%clk 0:00:10]} 46. Rb1
{[%clk 0:00:05]} Bc5 {[%clk 0:00:10]} 47. Rb8+ {[%clk 0:00:06]} Kg7
{[%clk 0:00:12]} 48. Bc4 {[%clk 0:00:04]} Rd1+ {[%clk 0:00:12]} 49. Kh2
{[%clk 0:00:05]} Be3 {[%clk 0:00:13]} 50. Rb7 {[%clk 0:00:04]} Bc5
{[%clk 0:00:10]} 51. Rc7 {[%clk 0:00:04]} Ba3 {[%clk 0:00:10]} 52. Ra7
{[%clk 0:00:04]} Ra1 {[%clk 0:00:07]} 53. g4 {[%clk 0:00:05]} g5 {[%clk 0:00:07]}
54. f5 {[%clk 0:00:06]} Bb2 {[%clk 0:00:04]} 55. Rxe7+ {[%clk 0:00:05]} Kf8
{[%clk 0:00:05]} 56. Rf7+ {[%clk 0:00:06]} Ke8 {[%clk 0:00:06]} 57. Rxh7
{[%clk 0:00:07]} Bxe5+ 58. Kg2 {[%clk 0:00:05]} Rc1 {[%clk 0:00:08]} 59. Be6
{[%clk 0:00:04]} Rc3 {[%clk 0:00:07]} 60. Rb7 {[%clk 0:00:04]} Rg3+
{[%clk 0:00:08]} 61. Kf2 {[%clk 0:00:04]} Rxh3 {[%clk 0:00:09]} 62. Ra7
{[%clk 0:00:05]} Bd4+ {[%clk 0:00:10]} 63. Kg2 {[%clk 0:00:05]} Bxa7
{[%clk 0:00:08]} 64. Kxh3 {[%clk 0:00:06]} Ke7 {[%clk 0:00:09]} 65. Kg2
{[%clk 0:00:06]} Kf6 {[%clk 0:00:11]} 1/2-1/2